000 00352nam a2200145Ia 4500
008 230917s9999||||xx |||||||||||||| ||und||
040 _e134857
_aMAIN
041 _aEnglish
082 _a515 S52 U:L
100 _aUnii, K.R.
245 0 _aBernstein approxmation problem
260 _aInidia
_bDepttof Atomic
_c1968
300 _a107 p.
942 _cBK
999 _c228378
_d228378